000 00988nam a2200277Ia 4500
999 _c4775
_d4775
003 OSt
005 20200608130743.0
008 191128s2014 sp fr 000 0 spa d
020 _a9788436828511
040 _aCO-JMCR
_cCO-JMCR
041 0 _aspa
082 0 4 _a330.0151 /
_bD319e
_223
100 1 _aDíaz Fernández, Montserrat,
_eautor
_95191
245 0 _aEconometría /
_cMontserrat Díaz Fernández, María del Mar Llorente Marrón
250 _a4a. edición
260 _aMadrid :
_bPirámide,
_c2014
300 _a461 páginas ;
_c24 cm.
490 0 _aEconomía y empresa
504 _aBilbiografía: página 461
505 0 _aEl modelo de regresión -- Vulneración de las hipótesis básicas -- Introducción a los modelos de ecuaciones simultáneas
650 1 4 _aMicroeconomía
_95192
650 1 4 _aDemanda
_xteoría económica
_95193
650 1 4 _aEconomía
_xoferta y demanda
_95194
700 1 _aLlorente Marrón, María del Mar,
_eautor
_95195
942 _2ddc
_cBK